Postep w organizacji i zarzadzania przedsiebiorstwem

Salvato in:
Dettagli Bibliografici
Natura: Libro
Lingua:polacco
Pubblicazione: Wroclaw Akademia Ekon. im Oskara Langego 1989
Edizione:1. wyd.
Serie:Prace naukowe Nr.500
Tags: Aggiungi Tag
Nessun Tag, puoi essere il primo ad aggiungerne!!

MARC

LEADER 00000nam a2200000 4500
001 c022016
005 20221215130243.6
041 0 |a pol 
044 |a PL 
245 1 0 |a Postep w organizacji i zarzadzania przedsiebiorstwem 
250 |a 1. wyd. 
264 1 |a Wroclaw  |b Akademia Ekon. im Oskara Langego  |c 1989 
300 |a 126 s. 
490 1 |a Prace naukowe  |v Nr.500 
830 0 |a Prace naukowe  |v Nr.500